000 00731nam a2200265Ia 4500
005 20260121172829.0
008 008 260114s9999 xx 000 0 eng d
020 _a9783030889005
037 _aEBOOK
040 _aCRL
040 _beng
040 _cCRL
041 _2eng
041 _aeng
084 _qCRL
100 _aFred D. Davis, René Riedl, Jan vom Brocke, Pierre-Majorique Léger, Adriane B. Randolph, Gernot Müller-Putz
_91093280
245 0 _aInformation Systems and Neuroscience
260 _bSpringer
260 _bSpringer
260 _c2021
856 _uhttps://link.springer.com/openurl?genre=book&isbn=978-3-030-88900-5
942 _cEBOOK
999 _c1659022
_d1659022